[Event "World Prestigious University 2019"]
[Site "Tianjin"]
[Date "2019.11.28"]
[Round "7.5"]
[White "Behar, Joshua"]
[Black "Lu, Andrew H"]
[Result "1/2-1/2"]
[WhiteElo "1974"]
[BlackElo "2071"]
[PlyCount "72"]
[EventDate "2019.11.26"]
[EventType "team-tourn"]
[EventCountry "CHN"]
[TimeControl "1500+10"]
[WhiteClock "0:01:06"]
[BlackClock "0:00:41"]

1. e4 {[%emt 0:00:00]} c5 {[%emt 0:00:00]} 2. Nf3 {[%emt 0:00:00]} d6 {[%emt 0:00:00]} 3. c3 {[%emt 0:00:00]} Nf6 {[%emt 0:00:00]} 4. h3 {[%emt 0:00:00]} Bd7 {[%emt 0:00:00]} 5. Bd3 {[%emt 0:00:00]} g6 {[%emt 0:00:04]} 6. O-O {[%emt 0:00:06]} Bg7 {[%emt 0:00:04]} 7. Bc2 {[%emt 0:00:01]} O-O {[%emt 0:00:24]} 8. d4 {[%emt 0:00:02]} Bc6 {[%emt 0:00:27]} 9. Re1 {[%emt 0:00:15]} b6 {[%emt 0:00:14]} 10. b3 {[%emt 0:00:52]} Nbd7 {[%emt 0:00:29]} 11. Bb2 {[%emt 0:00:09]} Qc7 {[%emt 0:00:30]} 12. Nbd2 {[%emt 0:00:48]} e5 {[%emt 0:02:18]} 13. Rc1 {[%emt 0:00:34]} Nh5 {[%emt 0:02:07]} 14. g3 {[%emt 0:00:42]} Rae8 {[%emt 0:00:51]} 15. Bd3 {[%emt 0:00:55]} d5 {[%emt 0:01:25]} 16. exd5 {[%emt 0:03:14]} Bxd5 {[%emt 0:00:01]} 17. dxe5 {[%emt 0:04:18]} Nxe5 {[%emt 0:00:58]} 18. Nxe5 {[%emt 0:01:08]} Rxe5 {[%emt 0:03:51]} 19. Rxe5 {[%emt 0:02:49]} Bxe5 {[%emt 0:00:14]} 20. Be4 {[%emt 0:00:59]} Be6 {[%emt 0:01:45]} 21. Bg2 {[%emt 0:00:25]} Qd7 {[%emt 0:03:04]} 22. Nf3 {[%emt 0:01:01]} Bf6 {[%emt 0:00:30]} 23. Qxd7 {[%emt 0:00:51]} Bxd7 {[%emt 0:00:01]} 24. Nd2 {[%emt 0:00:13]} Re8 {[%emt 0:01:16]} 25. Ne4 {[%emt 0:00:44]} Bg7 {[%emt 0:00:03]} 26. Nd6 {[%emt 0:01:55]} Re2 {[%emt 0:00:26]} 27. Rb1 {[%emt 0:01:46]} Be6 {[%emt 0:03:20]} 28. Bf3 {[%emt 0:01:01]} Rc2 {[%emt 0:00:29]} 29. Bd1 {[%emt 0:00:51]} Rd2 {[%emt 0:00:21]} 30. Ne4 {[%emt 0:00:07]} Rd8 {[%emt 0:00:06]} 31. Bxh5 {[%emt 0:03:30]} gxh5 {[%emt 0:00:04]} 32. c4 {[%emt 0:00:28]} Bf5 {[%emt 0:02:15]} 33. Bxg7 {[%emt 0:00:02]} Kxg7 {[%emt 0:00:20]} 34. Re1 {[%emt 0:00:03]} Bxe4 {[%emt 0:00:32]} 35. Rxe4 {[%emt 0:00:03]} Rd2 {[%emt 0:00:02]} 36. a4 {[%emt 0:00:27]} Rb2 {[%emt 0:01:23]} 1/2-1/2

[Event "World Prestigious University 2019"]
[Site "Tianjin"]
[Date "2019.11.28"]
[Round "7.7"]
[White "Weichao, Chu"]
[Black "Grigory, Oparin"]
[Result "0-1"]
[WhiteElo "2423"]
[BlackElo "2660"]
[PlyCount "78"]
[EventDate "2019.11.26"]
[EventType "team-tourn"]
[EventCountry "CHN"]
[TimeControl "1500+10"]
[WhiteClock "0:04:30"]
[BlackClock "0:00:28"]

1. d4 {[%emt 0:00:00]} Nf6 {[%emt 0:00:00]} 2. c4 {[%emt 0:00:00]} e6 {[%emt 0:00:00]} 3. Nf3 {[%emt 0:00:00]} Bb4+ {[%emt 0:00:00]} 4. Nbd2 {[%emt 0:00:06]} O-O {[%emt 0:00:00]} 5. a3 {[%emt 0:00:02]} Be7 {[%emt 0:00:01]} 6. e4 {[%emt 0:00:06]} d6 {[%emt 0:00:01]} 7. Be2 {[%emt 0:00:03]} Nfd7 {[%emt 0:00:06]} 8. O-O {[%emt 0:01:50]} e5 {[%emt 0:00:03]} 9. Nb1 {[%emt 0:00:50]} exd4 {[%emt 0:00:09]} 10. Nxd4 {[%emt 0:00:04]} Nc6 {[%emt 0:00:02]} 11. Be3 {[%emt 0:00:12]} Bf6 {[%emt 0:00:20]} 12. Nc3 {[%emt 0:00:19]} Re8 {[%emt 0:00:03]} 13. f3 {[%emt 0:00:46]} Be5 {[%emt 0:03:05]} 14. Nd5 {[%emt 0:02:24]} Nxd4 {[%emt 0:01:18]} 15. Bxd4 {[%emt 0:00:03]} c6 {[%emt 0:00:35]} 16. Nc3 {[%emt 0:02:10]} Nc5 {[%emt 0:00:03]} 17. Bxe5 {[%emt 0:04:14]} dxe5 {[%emt 0:00:02]} 18. b4 {[%emt 0:00:01]} Ne6 {[%emt 0:00:07]} 19. c5 {[%emt 0:00:48]} Qg5 {[%emt 0:06:13]} 20. Qe1 {[%emt 0:00:28]} Nd4 {[%emt 0:01:40]} 21. Rc1 {[%emt 0:00:24]} a5 {[%emt 0:01:16]} 22. Bc4 {[%emt 0:01:39]} axb4 {[%emt 0:00:12]} 23. axb4 {[%emt 0:00:02]} Ra3 {[%emt 0:00:55]} 24. Kh1 {[%emt 0:02:47]} Be6 {[%emt 0:01:41]} 25. Bxe6 {[%emt 0:00:03]} fxe6 {[%emt 0:00:02]} 26. Qg3 {[%emt 0:05:46]} Qxg3 {[%emt 0:04:33]} 27. hxg3 {[%emt 0:00:02]} Rb3 {[%emt 0:00:01]} 28. Kh2 {[%emt 0:02:40]} Ra8 {[%emt 0:00:34]} 29. f4 {[%emt 0:00:19]} Raa3 {[%emt 0:01:32]} 30. Nb1 {[%emt 0:01:32]} Ra2 {[%emt 0:00:02]} 31. Nc3 {[%emt 0:00:06]} Rd2 {[%emt 0:00:06]} 32. Nd1 {[%emt 0:00:13]} Ne2 {[%emt 0:01:01]} 33. Rf2 {[%emt 0:00:05]} Nxg3 {[%emt 0:00:10]} 34. Rxd2 {[%emt 0:00:11]} Nf1+ {[%emt 0:00:02]} 35. Kg1 {[%emt 0:00:05]} Nxd2 {[%emt 0:00:02]} 36. fxe5 {[%emt 0:00:14]} Rxb4 {[%emt 0:00:19]} 37. Nf2 {[%emt 0:00:17]} Nxe4 {[%emt 0:00:16]} 38. Nd3 {[%emt 0:00:08]} Rd4 {[%emt 0:00:16]} 39. Nf4 {[%emt 0:00:03]} Nxc5 {[%emt 0:00:12]} 0-1

[Event "World Prestigious University 2019"]
[Site "Tianjin"]
[Date "2019.11.28"]
[Round "7.8"]
[White "Dmitry, Gordievskiy"]
[Black "Wei, Siyu"]
[Result "1-0"]
[WhiteElo "2590"]
[BlackElo "2106"]
[PlyCount "95"]
[EventDate "2019.11.26"]
[EventType "team-tourn"]
[EventCountry "CHN"]
[TimeControl "1500+10"]
[WhiteClock "0:00:47"]
[BlackClock "0:00:49"]

1. Nf3 {[%emt 0:00:00]} Nf6 {[%emt 0:00:01]} 2. c4 {[%emt 0:00:23]} c5 {[%emt 0:00:23]} 3. Nc3 {[%emt 0:00:38]} Nc6 {[%emt 0:00:29]} 4. d4 {[%emt 0:00:32]} cxd4 {[%emt 0:00:24]} 5. Nxd4 {[%emt 0:00:02]} d6 {[%emt 0:00:34]} 6. e4 {[%emt 0:00:16]} g6 {[%emt 0:00:57]} 7. Be2 {[%emt 0:00:41]} Bg7 {[%emt 0:00:04]} 8. Be3 {[%emt 0:00:09]} O-O {[%emt 0:00:24]} 9. O-O {[%emt 0:00:08]} Bd7 {[%emt 0:00:41]} 10. Qd2 {[%emt 0:01:10]} Rc8 {[%emt 0:01:19]} 11. f3 {[%emt 0:00:52]} a6 {[%emt 0:01:21]} 12. Rfc1 {[%emt 0:00:43]} Nxd4 {[%emt 0:02:34]} 13. Bxd4 {[%emt 0:00:02]} Be6 {[%emt 0:00:15]} 14. b3 {[%emt 0:05:46]} Nd7 {[%emt 0:00:21]} 15. Bxg7 {[%emt 0:02:38]} Kxg7 {[%emt 0:00:03]} 16. Rc2 {[%emt 0:00:42]} Qb6+ {[%emt 0:01:20]} 17. Kh1 {[%emt 0:00:02]} Rc7 {[%emt 0:02:23]} 18. f4 {[%emt 0:00:19]} Nf6 {[%emt 0:04:51]} 19. Bf3 {[%emt 0:01:34]} Qa5 {[%emt 0:01:01]} 20. Qd4 {[%emt 0:00:51]} Qc5 {[%emt 0:00:45]} 21. Qxc5 {[%emt 0:04:18]} Rxc5 {[%emt 0:00:03]} 22. a4 {[%emt 0:01:44]} a5 {[%emt 0:00:59]} 23. Re1 {[%emt 0:00:08]} b6 {[%emt 0:02:15]} 24. Rd2 {[%emt 0:00:04]} Rfc8 {[%emt 0:01:54]} 25. Nb5 {[%emt 0:00:21]} h5 {[%emt 0:00:46]} 26. h3 {[%emt 0:00:15]} Nd7 {[%emt 0:00:48]} 27. Nd4 {[%emt 0:00:26]} Nf8 {[%emt 0:00:29]} 28. Kg1 {[%emt 0:02:04]} Bd7 {[%emt 0:00:13]} 29. e5 {[%emt 0:00:52]} dxe5 {[%emt 0:00:05]} 30. fxe5 {[%emt 0:00:02]} R8c7 {[%emt 0:01:08]} 31. Bd5 {[%emt 0:00:19]} Ne6 {[%emt 0:00:32]} 32. Bxe6 {[%emt 0:00:08]} Bxe6 {[%emt 0:00:08]} 33. Nxe6+ {[%emt 0:00:39]} fxe6 {[%emt 0:00:01]} 34. h4 {[%emt 0:00:35]} Rc8 {[%emt 0:00:08]} 35. Rd7 {[%emt 0:00:01]} R5c7 {[%emt 0:00:05]} 36. Red1 {[%emt 0:00:15]} Kf7 {[%emt 0:00:11]} 37. Kf2 {[%emt 0:00:52]} Ke8 {[%emt 0:00:53]} 38. Rxc7 {[%emt 0:00:02]} Rxc7 {[%emt 0:00:01]} 39. Ke3 {[%emt 0:00:10]} Kf7 {[%emt 0:00:22]} 40. Rd8 {[%emt 0:00:06]} Rc5 {[%emt 0:00:17]} 41. Kd4 {[%emt 0:00:03]} g5 {[%emt 0:00:08]} 42. hxg5 {[%emt 0:00:23]} Kg6 {[%emt 0:00:01]} 43. Rg8+ {[%emt 0:00:06]} Kf5 {[%emt 0:00:10]} 44. g6 {[%emt 0:00:16]} Rc7 {[%emt 0:00:03]} 45. g7 {[%emt 0:00:05]} Rd7+ {[%emt 0:00:09]} 46. Ke3 {[%emt 0:00:24]} Kg6 {[%emt 0:00:01]} 47. Rb8 {[%emt 0:00:04]} Kxg7 {[%emt 0:00:03]} 48. Rxb6 {[%emt 0:00:01]} 1-0

[Event "World Prestigious University 2019"]
[Site "Tianjin"]
[Date "2019.11.28"]
[Round "7.9"]
[White "Lu, Hongyi"]
[Black "Wang, Nancy"]
[Result "1-0"]
[WhiteElo "1862"]
[BlackElo "1823"]
[PlyCount "83"]
[EventDate "2019.11.26"]
[EventType "team-tourn"]
[EventCountry "CHN"]
[TimeControl "1500+10"]
[WhiteClock "0:00:24"]
[BlackClock "0:00:18"]

1. e4 {[%emt 0:00:00]} c5 {[%emt 0:00:00]} 2. Nf3 {[%emt 0:00:00]} Nc6 {[%emt 0:00:00]} 3. d3 {[%emt 0:00:18]} g6 {[%emt 0:00:04]} 4. g3 {[%emt 0:00:06]} Bg7 {[%emt 0:00:02]} 5. Bg2 {[%emt 0:00:03]} d6 {[%emt 0:00:34]} 6. O-O {[%emt 0:00:08]} e5 {[%emt 0:00:38]} 7. c3 {[%emt 0:00:10]} Nge7 {[%emt 0:00:08]} 8. a4 {[%emt 0:00:43]} O-O {[%emt 0:00:15]} 9. Na3 {[%emt 0:01:17]} h6 {[%emt 0:02:52]} 10. Nc4 {[%emt 0:01:15]} Be6 {[%emt 0:06:03]} 11. Be3 {[%emt 0:01:28]} f5 {[%emt 0:00:59]} 12. exf5 {[%emt 0:03:10]} gxf5 {[%emt 0:02:36]} 13. Re1 {[%emt 0:04:00]} Ng6 {[%emt 0:01:18]} 14. Ncd2 {[%emt 0:04:42]} Qd7 {[%emt 0:01:39]} 15. Nf1 {[%emt 0:00:32]} f4 {[%emt 0:02:59]} 16. Bd2 {[%emt 0:03:21]} Na5 {[%emt 0:00:22]} 17. c4 {[%emt 0:00:32]} Nc6 {[%emt 0:00:13]} 18. Bc3 {[%emt 0:00:27]} Bg4 {[%emt 0:00:27]} 19. N1d2 {[%emt 0:00:32]} Rab8 {[%emt 0:03:37]} 20. a5 {[%emt 0:00:04]} h5 {[%emt 0:00:16]} 21. h4 {[%emt 0:02:07]} Bh6 {[%emt 0:00:49]} 22. Qc2 {[%emt 0:00:15]} fxg3 {[%emt 0:00:36]} 23. fxg3 {[%emt 0:00:03]} Bh3 {[%emt 0:01:06]} 24. Ne4 {[%emt 0:01:41]} Nd4 {[%emt 0:00:38]} 25. Bxd4 {[%emt 0:00:19]} cxd4 {[%emt 0:00:06]} 26. Nfg5 {[%emt 0:00:14]} Bxg2 {[%emt 0:00:24]} 27. Qxg2 {[%emt 0:00:18]} Rbd8 {[%emt 0:00:26]} 28. Rf1 {[%emt 0:00:12]} Bg7 {[%emt 0:00:02]} 29. Qe2 {[%emt 0:00:13]} Qg4 {[%emt 0:00:11]} 30. Qxg4 {[%emt 0:00:06]} hxg4 {[%emt 0:00:01]} 31. Rxf8+ {[%emt 0:00:39]} Nxf8 {[%emt 0:00:04]} 32. a6 {[%emt 0:00:32]} b6 {[%emt 0:00:10]} 33. Rf1 {[%emt 0:00:21]} Rd7 {[%emt 0:00:02]} 34. b4 {[%emt 0:00:19]} Nh7 {[%emt 0:00:21]} 35. Kg2 {[%emt 0:00:17]} Nxg5 {[%emt 0:00:31]} 36. Nxg5 {[%emt 0:00:03]} Bh6 {[%emt 0:00:05]} 37. Rf5 {[%emt 0:00:11]} Rg7 {[%emt 0:00:15]} 38. Ne6 {[%emt 0:00:11]} Rg6 {[%emt 0:00:12]} 39. Nc7 {[%emt 0:00:16]} Rg7 {[%emt 0:00:13]} 40. Nb5 {[%emt 0:00:14]} Bd2 {[%emt 0:00:09]} 41. Nxd6 {[%emt 0:00:06]} Bxb4 {[%emt 0:00:03]} 42. Ne4 {[%emt 0:00:17]} 1-0

[Event "World Prestigious University 2019"]
[Site "Tianjin"]
[Date "2019.11.28"]
[Round "7.10"]
[White "Kukhmazov, Arsen"]
[Black "Daniel, Karim Abbas"]
[Result "1-0"]
[WhiteElo "2377"]
[BlackElo "2251"]
[PlyCount "65"]
[EventDate "2019.11.26"]
[EventType "team-tourn"]
[EventCountry "CHN"]
[TimeControl "1500+10"]
[WhiteClock "0:04:36"]
[BlackClock "0:12:25"]

1. d4 {[%emt 0:00:00]} Nf6 {[%emt 0:00:00]} 2. c4 {[%emt 0:00:00]} e6 {[%emt 0:00:00]} 3. Nf3 {[%emt 0:00:00]} c5 {[%emt 0:00:00]} 4. d5 {[%emt 0:00:00]} exd5 {[%emt 0:00:00]} 5. cxd5 {[%emt 0:00:00]} d6 {[%emt 0:00:00]} 6. Nc3 {[%emt 0:00:00]} g6 {[%emt 0:00:00]} 7. Nd2 {[%emt 0:00:02]} Bg7 {[%emt 0:00:36]} 8. e4 {[%emt 0:00:00]} O-O {[%emt 0:00:08]} 9. Be2 {[%emt 0:00:04]} Re8 {[%emt 0:00:15]} 10. O-O {[%emt 0:00:02]} Nbd7 {[%emt 0:00:02]} 11. a4 {[%emt 0:00:06]} a6 {[%emt 0:01:05]} 12. h3 {[%emt 0:00:10]} Rb8 {[%emt 0:02:13]} 13. Ra3 {[%emt 0:00:08]} Qc7 {[%emt 0:03:11]} 14. a5 {[%emt 0:00:04]} b5 {[%emt 0:01:03]} 15. axb6 {[%emt 0:00:01]} Rxb6 {[%emt 0:00:17]} 16. Qc2 {[%emt 0:00:02]} Nb8 {[%emt 0:04:11]} 17. Nc4 {[%emt 0:00:39]} Rb4 {[%emt 0:00:12]} 18. Bf4 {[%emt 0:00:05]} Bf8 {[%emt 0:01:34]} 19. f3 {[%emt 0:03:28]} Bd7 {[%emt 0:01:34]} 20. Na2 {[%emt 0:00:50]} Rb7 {[%emt 0:00:37]} 21. Na5 {[%emt 0:00:40]} Rb6 {[%emt 0:00:02]} 22. b4 {[%emt 0:06:57]} Bb5 {[%emt 0:00:58]} 23. bxc5 {[%emt 0:00:35]} Bxe2 {[%emt 0:01:09]} 24. Qxe2 {[%emt 0:00:01]} Qxc5+ {[%emt 0:00:05]} 25. Qe3 {[%emt 0:00:00]} Qb5 {[%emt 0:01:27]} 26. Nc3 {[%emt 0:01:50]} Qb4 {[%emt 0:01:33]} 27. Rb3 {[%emt 0:01:14]} Qxb3 {[%emt 0:00:10]} 28. Nxb3 {[%emt 0:00:01]} Rxb3 {[%emt 0:00:01]} 29. Qd2 {[%emt 0:00:14]} Rc8 {[%emt 0:01:04]} 30. Ne2 {[%emt 0:00:11]} Nh5 {[%emt 0:00:20]} 31. Bh2 {[%emt 0:00:33]} Bg7 {[%emt 0:00:56]} 32. Rc1 {[%emt 0:00:07]} Rxc1+ {[%emt 0:01:01]} 33. Qxc1 {[%emt 0:00:01]} 1-0

[Event "World Prestigious University 2019"]
[Site "Tianjin"]
[Date "2019.11.28"]
[Round "7.11"]
[White "Mihov, Filip"]
[Black "Tarasov, Alexandr"]
[Result "1/2-1/2"]
[WhiteElo "2191"]
[BlackElo "2348"]
[PlyCount "133"]
[EventDate "2019.11.26"]
[EventType "team-tourn"]
[EventCountry "CHN"]
[TimeControl "1500+10"]
[WhiteClock "0:01:04"]
[BlackClock "0:01:15"]

1. e4 {[%emt 0:00:00]} c6 {[%emt 0:01:24]} 2. d4 {[%emt 0:00:00]} d5 {[%emt 0:00:01]} 3. exd5 {[%emt 0:00:08]} cxd5 {[%emt 0:00:02]} 4. Bd3 {[%emt 0:00:05]} Nc6 {[%emt 0:00:12]} 5. c3 {[%emt 0:00:03]} Nf6 {[%emt 0:00:45]} 6. h3 {[%emt 0:00:04]} g6 {[%emt 0:00:09]} 7. Nf3 {[%emt 0:00:02]} Bg7 {[%emt 0:00:07]} 8. O-O {[%emt 0:00:04]} O-O {[%emt 0:00:05]} 9. Bf4 {[%emt 0:00:25]} Bf5 {[%emt 0:00:03]} 10. Ne1 {[%emt 0:00:06]} Ne4 {[%emt 0:01:44]} 11. Nd2 {[%emt 0:00:48]} e5 {[%emt 0:01:27]} 12. dxe5 {[%emt 0:00:53]} Nxe5 {[%emt 0:00:09]} 13. Bc2 {[%emt 0:01:40]} Rc8 {[%emt 0:02:47]} 14. Nxe4 {[%emt 0:06:39]} Bxe4 {[%emt 0:06:28]} 15. Rb1 {[%emt 0:02:23]} Nc4 {[%emt 0:03:32]} 16. Bxe4 {[%emt 0:02:23]} dxe4 {[%emt 0:00:03]} 17. Nc2 {[%emt 0:00:01]} Qb6 {[%emt 0:04:11]} 18. b3 {[%emt 0:00:19]} Ne5 {[%emt 0:00:36]} 19. c4 {[%emt 0:00:26]} Nd3 {[%emt 0:00:16]} 20. Be3 {[%emt 0:02:14]} Qa5 {[%emt 0:00:02]} 21. a3 {[%emt 0:01:20]} Rfd8 {[%emt 0:00:39]} 22. Qe2 {[%emt 0:00:07]} a6 {[%emt 0:00:58]} 23. Rfd1 {[%emt 0:02:57]} Qc3 {[%emt 0:00:38]} 24. Ne1 {[%emt 0:00:28]} b5 {[%emt 0:00:49]} 25. cxb5 {[%emt 0:01:25]} axb5 {[%emt 0:00:04]} 26. Nxd3 {[%emt 0:00:05]} exd3 {[%emt 0:00:08]} 27. Qf3 {[%emt 0:00:05]} Qa5 {[%emt 0:01:30]} 28. Bg5 {[%emt 0:00:21]} Re8 {[%emt 0:00:22]} 29. Rxd3 {[%emt 0:00:27]} b4 {[%emt 0:00:13]} 30. Rd7 {[%emt 0:00:23]} Rf8 {[%emt 0:00:14]} 31. Be7 {[%emt 0:00:07]} bxa3 {[%emt 0:00:01]} 32. Bxf8 {[%emt 0:00:04]} Rxf8 {[%emt 0:00:02]} 33. Rdd1 {[%emt 0:02:57]} a2 {[%emt 0:00:09]} 34. Ra1 {[%emt 0:00:01]} Bxa1 {[%emt 0:00:14]} 35. Rxa1 {[%emt 0:00:01]} Qa3 {[%emt 0:00:23]} 36. Qe2 {[%emt 0:00:13]} Ra8 {[%emt 0:00:11]} 37. Qc2 {[%emt 0:00:16]} h5 {[%emt 0:00:01]} 38. h4 {[%emt 0:00:10]} Qa7 {[%emt 0:00:03]} 39. b4 {[%emt 0:00:11]} Qd4 {[%emt 0:00:27]} 40. Rxa2 {[%emt 0:00:03]} Re8 {[%emt 0:00:12]} 41. Qd2 {[%emt 0:00:44]} Qxh4 {[%emt 0:00:03]} 42. Rb2 {[%emt 0:00:21]} Ra8 {[%emt 0:00:05]} 43. Rb1 {[%emt 0:00:19]} Qe4 {[%emt 0:00:13]} 44. Qe1 {[%emt 0:00:07]} Qxe1+ {[%emt 0:00:13]} 45. Rxe1 {[%emt 0:00:01]} Rb8 {[%emt 0:00:01]} 46. Rb1 {[%emt 0:00:01]} Kf8 {[%emt 0:00:06]} 47. Kh2 {[%emt 0:00:06]} Ke7 {[%emt 0:00:02]} 48. Kg3 {[%emt 0:00:01]} Kd6 {[%emt 0:00:20]} 49. Kf4 {[%emt 0:00:28]} Rb5 {[%emt 0:00:05]} 50. g3 {[%emt 0:00:19]} Kd5 {[%emt 0:00:09]} 51. g4 {[%emt 0:00:27]} h4 {[%emt 0:00:21]} 52. g5 {[%emt 0:00:05]} Kc4 {[%emt 0:00:07]} 53. Kg4 {[%emt 0:00:01]} Rxb4 {[%emt 0:00:18]} 54. Rxb4+ {[%emt 0:00:09]} Kxb4 {[%emt 0:00:01]} 55. Kxh4 {[%emt 0:00:01]} Kc4 {[%emt 0:00:06]} 56. Kg4 {[%emt 0:00:01]} Kd3 {[%emt 0:00:22]} 57. f4 {[%emt 0:00:14]} Ke4 {[%emt 0:00:11]} 58. Kg3 {[%emt 0:00:01]} Ke3 {[%emt 0:00:03]} 59. Kg4 {[%emt 0:00:01]} Kf2 {[%emt 0:00:14]} 60. f5 {[%emt 0:00:11]} Ke3 {[%emt 0:00:17]} 61. fxg6 {[%emt 0:00:13]} fxg6 {[%emt 0:00:01]} 62. Kg3 {[%emt 0:00:14]} Ke4 {[%emt 0:00:03]} 63. Kg4 {[%emt 0:00:02]} Ke5 {[%emt 0:00:00]} 64. Kg3 {[%emt 0:00:08]} Kf5 {[%emt 0:00:02]} 65. Kh4 {[%emt 0:00:15]} Kf4 {[%emt 0:00:03]} 66. Kh3 {[%emt 0:00:00]} Kxg5 {[%emt 0:00:09]} 67. Kg3 {[%emt 0:00:01]} 1/2-1/2

[Event "World Prestigious University 2019"]
[Site "Tianjin"]
[Date "2019.11.28"]
[Round "7.13"]
[White "Green, Michael L"]
[Black "Li, Ethan"]
[Result "0-1"]
[WhiteElo "2073"]
[BlackElo "2209"]
[PlyCount "96"]
[EventDate "2019.11.26"]
[EventType "team-tourn"]
[EventCountry "CHN"]
[TimeControl "1500+10"]
[WhiteClock "0:02:34"]
[BlackClock "0:00:17"]

1. Nf3 {[%emt 0:00:00]} d5 {[%emt 0:00:00]} 2. c4 {[%emt 0:00:00]} c6 {[%emt 0:00:00]} 3. b3 {[%emt 0:00:00]} Nf6 {[%emt 0:00:12]} 4. g3 {[%emt 0:00:00]} Bg4 {[%emt 0:00:03]} 5. Bg2 {[%emt 0:00:00]} Nbd7 {[%emt 0:00:04]} 6. Bb2 {[%emt 0:00:11]} e6 {[%emt 0:00:02]} 7. O-O {[%emt 0:00:03]} Bd6 {[%emt 0:01:17]} 8. d3 {[%emt 0:00:12]} O-O {[%emt 0:00:14]} 9. Nbd2 {[%emt 0:00:08]} Qc7 {[%emt 0:00:21]} 10. Rc1 {[%emt 0:00:16]} Rad8 {[%emt 0:00:40]} 11. Rc2 {[%emt 0:00:13]} a5 {[%emt 0:01:55]} 12. a3 {[%emt 0:00:14]} Qb8 {[%emt 0:01:57]} 13. Qa1 {[%emt 0:00:16]} Rfe8 {[%emt 0:00:39]} 14. Rfc1 {[%emt 0:01:08]} e5 {[%emt 0:03:14]} 15. cxd5 {[%emt 0:00:20]} cxd5 {[%emt 0:00:14]} 16. e4 {[%emt 0:03:59]} dxe4 {[%emt 0:00:52]} 17. Nxe4 {[%emt 0:00:36]} Nxe4 {[%emt 0:00:25]} 18. dxe4 {[%emt 0:00:04]} Be6 {[%emt 0:01:12]} 19. b4 {[%emt 0:01:52]} axb4 {[%emt 0:03:08]} 20. axb4 {[%emt 0:00:02]} Bxb4 {[%emt 0:00:20]} 21. Nxe5 {[%emt 0:01:34]} f6 {[%emt 0:00:52]} 22. Nd3 {[%emt 0:02:46]} Bd6 {[%emt 0:00:19]} 23. Bd4 {[%emt 0:01:17]} Rc8 {[%emt 0:01:14]} 24. Nc5 {[%emt 0:01:29]} Bxc5 {[%emt 0:02:25]} 25. Bxc5 {[%emt 0:00:09]} Qc7 {[%emt 0:00:05]} 26. Qa3 {[%emt 0:04:48]} b6 {[%emt 0:00:28]} 27. Bxb6 {[%emt 0:00:21]} Qxc2 {[%emt 0:00:02]} 28. Rxc2 {[%emt 0:00:02]} Rxc2 {[%emt 0:00:01]} 29. Be3 {[%emt 0:00:17]} Ra2 {[%emt 0:00:36]} 30. Qc3 {[%emt 0:00:16]} Ne5 {[%emt 0:00:01]} 31. Bd4 {[%emt 0:03:20]} Rc8 {[%emt 0:01:03]} 32. Qe3 {[%emt 0:01:54]} Rac2 {[%emt 0:00:54]} 33. h4 {[%emt 0:00:28]} Nc4 {[%emt 0:00:56]} 34. Qf4 {[%emt 0:00:12]} Rd8 {[%emt 0:01:20]} 35. e5 {[%emt 0:00:24]} Rd2 {[%emt 0:00:27]} 36. Bc3 {[%emt 0:00:29]} R2d3 {[%emt 0:00:02]} 37. exf6 {[%emt 0:00:58]} Rxc3 {[%emt 0:00:05]} 38. Qc7 {[%emt 0:00:25]} Rd1+ {[%emt 0:00:19]} 39. Kh2 gxf6 {[%emt 0:00:10]} 40. Qe7 {[%emt 0:00:08]} Bf7 {[%emt 0:01:07]} 41. Be4 {[%emt 0:00:16]} Kg7 {[%emt 0:00:30]} 42. Bxh7 {[%emt 0:00:18]} Ne5 {[%emt 0:00:01]} 43. Be4 {[%emt 0:00:22]} Re1 {[%emt 0:00:02]} 44. Qb7 {[%emt 0:00:11]} Rb3 {[%emt 0:00:26]} 45. Qa8 {[%emt 0:00:11]} Rb2 {[%emt 0:00:01]} 46. Kg2 {[%emt 0:00:20]} Ree2 {[%emt 0:00:02]} 47. Qa3 {[%emt 0:00:10]} Rxf2+ {[%emt 0:00:07]} 48. Kh1 {[%emt 0:00:04]} Rf1# {[%emt 0:00:02]} 0-1